000
00285nam a2200121Ia 4500
008
220204s9999 xx 000 0 und d
082
_a
633.5
_b
MAI
100
_a
MAITI, R K
245
0
_a
Plant fibres
260
_a
Dehra Dun
_b
Bishen Singh
_c
1980
650
_a
Fibre plants
942
_c
BK
999
_c
39116
_d
39116